| 000 | 01316cam a22003374a 4500 | ||
|---|---|---|---|
| 001 | 12836711 | ||
| 003 | OSt | ||
| 005 | 20140310182238.0 | ||
| 008 | 020628s2003 nyu c 000 1 eng | ||
| 010 | _a 2002010239 | ||
| 020 | _a9780375822742 | ||
| 040 |
_aDLC _cDLC _dDLC |
||
| 042 | _alcac | ||
| 050 | 0 | 0 |
_aPZ 7 _b.D927 2004 |
| 082 | 0 | 0 |
_aFIC _bD85 2003 |
| 100 | 1 |
_aDuPrau, Jeanne. _918844 |
|
| 245 | 1 | 4 |
_aThe city of Ember / _cJeanne DuPrau. |
| 250 | _a1st ed. | ||
| 260 |
_aNew York : _bRandom House, _cc2003. |
||
| 300 |
_a270 p. ; _c22 cm. |
||
| 650 | 1 |
_aFantasy. _x Juvenile fiction _918845 |
|
| 650 | 1 |
_a. Occupations _xJuvenile fiction. _918846 |
|
| 856 | 4 | 2 |
_3Contributor biographical information _uhttp://www.loc.gov/catdir/bios/random053/2002010239.html |
| 856 | 4 | 1 |
_3Table of contents only _uhttp://www.loc.gov/catdir/toc/fy044/2002010239.html |
| 856 | 4 | 2 |
_3Publisher description _uhttp://www.loc.gov/catdir/description/random0413/2002010239.html |
| 856 | 4 | 1 |
_3Sample text _uhttp://www.loc.gov/catdir/enhancements/fy0612/2002010239-s.html |
| 906 |
_a7 _bcbc _corignew _d1 _eecip _f20 _gy-gencatlg |
||
| 942 |
_2lcc _cBK-FIC _kFIC |
||
| 999 |
_c11080 _d11080 |
||